00646 2200205 4500001002100000008004100021035002000062245009100082100001900173260004400192300002800236020002200264084001600286520007000302082001000372650002200382990001200404990001200416990001200428INLIS000000000015511 ind  a0010-0223000032 a3 Hours to MasterbMemahami Arti SahabatcMichael Chuah; alih bahasa, Yulius Dewasetya aCHUAH, Michael aJakarta :bElex Media Komputindo,c2019 a173 hal.: ilus.c22 cm. a978-602-04-9906-2 a741.5 CHU t aJudul asli : 3 Hours to master : How to maintain Good friendships a741.5 aKOMIK. PENDIDIKAN a10706 a a10706 b a10706 c